000 01001 a2200445 4500
000 BKB
001 071321
005 20200902150951.0
008
010 _a
020 _a
082 _a338.6041015
_bG37F
100 1 _aGill-lafuente, Anna Maria
110 _a
245 1 _aFuzzy logic in financial analysis
_cby Anna Maria Gill-lafuente
250 _a
260 _aNew York
_bSpringer
_c2005
300 _a450p.
490 _a
_v
500 _a
600 _a
610 _a
611 _a
630 _a
650 _a
651 _a
654 _a
690 _aBusiness enterprises--Finance--Mathematical models; Fuzzy logic; Artificial intelligence; Engineering mathematics; Management information systems
700 _a
_b
_c
710 _a
_b
_c
711 _a
720 _a
730 _a
740 _a
752 _a
856 _a
_d
_f
904 _a
964 _a
_b
_c
_d
_e
_f
_g
965 _a
999 _c4635
_d4635